| 000 | 01186cam a2200253 a 4500 | ||
|---|---|---|---|
| 001 | 000026441 | ||
| 005 | 20200930030226.0 | ||
| 008 | 990518s1965 sp 000 f spa d | ||
| 040 |
_aDO-SdBNP _bspa _cBNPHU |
||
| 041 | 1 | 7 |
_aspa _heng _2Código de idioma MARC |
| 082 |
_axxx _bG354r |
||
| 100 | 1 |
_aGerald, J. Edward _953491 |
|
| 240 | 1 | 0 |
_aThe social responsability of the press. _lEspañol. |
| 245 | 1 | 3 |
_aLa responsabilidad social de la prensa / _cJ. Edward Gerald ; versión española de R. F. Arzac. |
| 260 |
_aMéxico, D. F. : _bLibreros Mexicanos Unidos, _c1965. |
||
| 300 |
_a328, p. ; _c20 cm. |
||
| 490 | 1 | _aEl mundo de hoy | |
| 504 | _aIncluye referencias bibliográficas y notas | ||
| 505 | 0 | _aNaturaleza de la difusión popular -- El periodismo como negocio en gran escala -- El hogar natural de la prenza -- El papel que representa el propietario -- El contenido de la difusión popular -- La nueva comunidad de la libertad -- La organización profesional de los practicantes de la difusión popular | |
| 534 |
_pTítulo original: _tThe social responsability of the press. |
||
| 700 | 1 |
_aArzac, R. F. _etr. _953492 |
|
| 830 | 0 |
_aEl mundo de hoy _949979 |
|
| 049 | _aBNGR | ||
| 999 |
_c25933 _d25933 |
||